História - Statistics

Estatísticas Gerais
  • Esse quiz foi jogado 471 vezes
  • A pontuação média é 6 de 15
Estatísticas das Respostas
Hint Resposta % Correto
Qual o rio que atravessa o Egito? Nilo
89%
Onde se situa o Egito? África
88%
Quem foi Octávio César Augusto? Imperador
68%
Qual o livro sagrado dos hebreus? Bíblia
61%
Qual o período da Pré-História em que surgiram os primeiros hominíneos? Paleolítico
53%
Onde desagua o rio Nilo? Mar Mediterrâneo
52%
Qual o último período da Pré-História quando o Homem começa a produzir os seus alimentos e a utilizar instrumentos de pedra polida? Neolítico
48%
Qual é a ciência que estuda as culturas e os modos de vida do passado a partir de vestígios materiais, que contribuiu assim para o estudo do Paleolítico e dos antepassados do Homem? Arqueologia
44%
Qual o grupo que abrange o Homem atual e os seus antepassados? Hominídeos
20%
Em que península fica situada a Grécia? Península Balcânica
18%
Qual o nome que os romanos chamavam ao mar Mediterrâneo? Mare Nostrum
16%
Qual era a parte alta da cidade, onde se situavam os templos e se prestava culto aos deuses? Acrópole
15%
O que é sociedade organizada com modos de vida, crenças religiosas e criações artísticas próprias? Civilização
13%
Qual o nome que se dá a documentos ou vestígios materiais ou imateriais produzidos pelos seres humanos ao longo do tempo e indispensáveis para o historiador estudar o passado? Fonte histórica
5%
De que vivia o homem no Paleolítico? Recoleção
2%
Nenhum quiz correspondente encontrado
Distribuição das Pontuações
Porcentagem de Pessoas com Cada Pontuação
Percentil de Números Respondidos
Sua Pontuação Histórica
Você não jogou esse quiz